000 00440nam a2200169Ia 4500
008 240729s9999 xx 000 0 und d
022 _a2667-4440
245 0 _aTurkish Journal of Nephrology
260 _aTürkiye
260 _bAVES
650 _a Internal medicine | Medicine
650 _a Pediatrics
650 _aMedicine
856 _uhttps://doaj.org/toc/0e7425fdcfcf4bbda7fedb9c7b856ea3
942 _2ddc
942 _cDOAJEJ
999 _c70436
_d70436
945 _a1
_bMadushi Gamage
_c1
_dMadushi Gamage